| 000 | 00943nam a2200253 a 4500 | ||
|---|---|---|---|
| 003 | AR-BaBNM | ||
| 005 | 20251128203714.0 | ||
| 008 | 082120s2002 ||||||||||||||000 | spa|| | ||
| 040 | _cAR-BaBNM | ||
| 100 | 1 |
_aFurlong Cardiff, Guillermo _cS.J. |
|
| 245 | 0 | 0 |
_aLos jesuítas y la cultura rioplatense _bexploradores, colonizadores, geógrafos, cartógrafos, etnólogos, filólogos, historiadores, botánicos, zoólogos, matemáticos, astrónomos, farmacéuticos, médicos, filósofos, poetas, prosistas, músicos, arquitectos, esc |
| 260 |
_aMontevideo _bUrta _c1933 |
||
| 300 |
_a162 p. _bmapas, il., láms. |
||
| 650 | 4 | _aMISIONES JESUITICAS | |
| 650 | 4 | _aMISIONES RELIGIOSAS | |
| 650 | 4 | _aCOLONIZACION DEL RIO DE LA PLATA | |
| 650 | 4 | _aHISTORIA DE LAS CIENCIAS | |
| 650 | 4 | _aHISTORIA SOCIAL | |
| 650 | 4 | _aHISTORIA DEL ARTE | |
| 650 | 4 | _aEXPULSION DE LOS JESUITAS | |
| 650 | 4 | _aPERIODO HISPANICO | |
| 942 | _cBK | ||
| 998 | _cmariana | ||
| 999 |
_c4570 _d4570 |
||